[Event "BL2-Nord 1718"]
[Site "Germany"]
[Date "2017.12.10"]
[Round "4.6"]
[White "Hermann, Manfred"]
[Black "Florstedt, Johannes"]
[Result "0-1"]
[WhiteElo "2301"]
[BlackElo "2243"]
[PlyCount "98"]
[EventDate "2017.10.08"]
[EventType "team-tourn"]
[EventRounds "9"]
[EventCountry "GER"]
[SourceTitle "CBM 183 Extra"]
[Source "ChessBase"]
[SourceDate "2018.04.19"]
[SourceVersion "1"]
[SourceVersionDate "2018.04.19"]
[SourceQuality "1"]
[WhiteTeam "Oldenburg Union"]
[BlackTeam "Berlin SF II"]
[WhiteTeamCountry "GER"]
[BlackTeamCountry "GER"]

1. e4 c5 2. c3 d5 3. exd5 Qxd5 4. d4 Nc6 5. Nf3 g6 6. Be2 Bg7 7. dxc5 Qxc5 8. Be3 Qf5 9. 0-0 Nf6 10. Nd4 Nxd4 11. Bxd4 0-0 12. Bd3 Qh5 13. Qxh5 Nxh5 14. Bxg7 Kxg7 15. Re1 Nf4 16. Bf1 Rd8 17. Na3 Be6 18. Nb5 Rd2 19. Nc7 Rad8 20. Nxe6+ Nxe6 21. Rab1 Rc2 22. Re2 Rdd2 23. Rxd2 Rxd2 24. g3 Kf6 25. a3 b6 26. b4 Ra2 27. Rb3 g5 28. h3 h5 29. c4 Nd4 30. Rc3 g4 31. hxg4 hxg4 32. c5 Rc2 33. Rxc2 Nxc2 34. c6 Ke6 35. Bc4+ Kd6 36. Bxf7 Nxa3 37. f3 Kxc6 38. fxg4 Kd6 39. Kf2 Ke5 40. Bb3 Nb5 41. Bc2 Kf6 42. Bd3 Nd6 43. b5 Kg5 44. Ke3 Kxg4 45. Kd4 Kxg3 46. Kd5 Kf4 47. Ke6 Ke3 48. Bf1 Kd4 49. Kxe7 Kc5 0-1

[Event "BL2-Nord 1415"]
[Site "Germany"]
[Date "2015.03.15"]
[Round "8.3"]
[White "Richter, Michael"]
[Black "Hermann, Manfred"]
[Result "1-0"]
[WhiteElo "2493"]
[BlackElo "2310"]
[PlyCount "89"]
[EventDate "2014.09.21"]
[EventType "team-tourn"]
[EventRounds "9"]
[EventCountry "GER"]
[SourceTitle "CBM 166 Extra"]
[Source "ChessBase"]
[SourceDate "2015.06.18"]
[SourceVersion "1"]
[SourceVersionDate "2015.06.18"]
[SourceQuality "1"]
[WhiteTeam "Berlin Tegel"]
[BlackTeam "Oldenburg Union"]
[WhiteTeamCountry "GER"]
[BlackTeamCountry "GER"]

1. d4 d5 2. c4 c6 3. Nf3 Nf6 4. cxd5 cxd5 5. Nc3 Nc6 6. Bf4 Bf5 7. e3 e6 8. Qb3 Bb4 9. Ne5 Bxc3+ 10. bxc3 Nxe5 11. Bxe5 0-0 12. Be2 Rc8 13. 0-0 Ne4 14. Qxb7 f6 15. Bf4 g5 16. Bg3 Rf7 17. Qa6 Rxc3 18. Rfc1 Rxc1+ 19. Rxc1 Qb6 20. Qxb6 axb6 21. Bc7 Nc5 22. Bxb6 Na4 23. Bd8 Rb7 24. Bxf6 g4 25. h3 h5 26. hxg4 hxg4 27. a3 Rb2 28. Bd1 Nb6 29. Ra1 g3 30. fxg3 Be4 31. Bf3 Bxf3 32. gxf3 Nc4 33. Be5 Nd2 34. g4 Nxf3+ 35. Kh1 Nxe5 36. dxe5 Re2 37. a4 Rxe3 38. a5 Rc3 39. a6 Rc8 40. Kg2 Kf7 41. a7 Ra8 42. Ra6 Ke7 43. Kf3 Kd7 44. Ra1 Kc6 45. g5 1-0

[Event "Oberliga Nord W 1314"]
[Site "Germany"]
[Date "2014.03.16"]
[Round "8.3"]
[White "Renner, Kai"]
[Black "Hermann, Manfred"]
[Result "1-0"]
[WhiteElo "2211"]
[BlackElo "2320"]
[PlyCount "81"]
[EventDate "2013.10.13"]
[EventType "team-tourn"]
[EventRounds "9"]
[EventCountry "GER"]
[SourceTitle "EXT 2015"]
[Source "ChessBase"]
[SourceDate "2014.11.20"]
[SourceVersion "1"]
[SourceVersionDate "2014.11.20"]
[SourceQuality "1"]
[WhiteTeam "Hameln"]
[BlackTeam "Oldenburg Union"]
[WhiteTeamCountry "GER"]
[BlackTeamCountry "GER"]

1. e4 e5 2. Nf3 Nc6 3. Bb5 f5 4. d3 fxe4 5. dxe4 Nf6 6. 0-0 d6 7. Qd3 a6 8. Bxc6+ bxc6 9. Qc4 c5 10. Nc3 Bg4 11. Ng5 Qd7 12. h3 Bh5 13. f4 h6 14. Nf3 Bf7 15. Qe2 Nh5 16. Re1 exf4 17. e5 Ng3 18. Qd3 Be7 19. exd6 Qxd6 20. Qxd6 cxd6 21. Bxf4 Nf5 22. g4 Nd4 23. Nxd4 cxd4 24. Bxd6 Kd7 25. Rxe7+ Kxd6 26. Rxf7 dxc3 27. b3 g5 28. Rf3 h5 29. gxh5 Rxh5 30. Rxc3 Rah8 31. Rd1+ Ke5 32. Rdd3 g4 33. Rc5+ Kf4 34. Rxh5 Rxh5 35. Rd4+ Ke3 36. hxg4 Rc5 37. Rc4 Rd5 38. Kg2 a5 39. Kg3 Rd1 40. Kh4 Kf3 41. Kh5 1-0

[Event "Oberliga Nord W 1314"]
[Site "Germany"]
[Date "2013.10.13"]
[Round "1.2"]
[White "Hermann, Manfred"]
[Black "Hundack, Rolf"]
[Result "0-1"]
[WhiteElo "2320"]
[BlackElo "2229"]
[PlyCount "150"]
[EventDate "2013.10.13"]
[EventType "team-tourn"]
[EventRounds "9"]
[EventCountry "GER"]
[SourceTitle "EXT 2015"]
[Source "ChessBase"]
[SourceDate "2014.11.20"]
[SourceVersion "1"]
[SourceVersionDate "2014.11.20"]
[SourceQuality "1"]
[WhiteTeam "Oldenburg Union"]
[BlackTeam "Bremer SG"]
[WhiteTeamCountry "GER"]
[BlackTeamCountry "GER"]

1. e4 e5 2. Nf3 Nc6 3. Nc3 Nf6 4. d4 exd4 5. Nxd4 d6 6. Bb5 Bd7 7. 0-0 Be7 8. Bf4 0-0 9. Bxc6 bxc6 10. e5 dxe5 11. Bxe5 Bd6 12. Bg3 Rb8 13. b3 Re8 14. Qd3 c5 15. Nde2 Bg4 16. f3 Bh5 17. Rad1 Bg6 18. Qd2 c4 19. Bxd6 cxd6 20. Nf4 Qa5 21. Na4 Qf5 22. Nxg6 hxg6 23. bxc4 Rec8 24. c5 dxc5 25. Rb1 Rb4 26. Nc3 Rd4 27. Qf2 Rcd8 28. Rfd1 Qe6 29. a3 Qc4 30. Rxd4 cxd4 31. Ne4 Qa2 32. Rb7 Qxa3 33. h3 Qc1+ 34. Kh2 Qf4+ 35. Qg3 Qxg3+ 36. Kxg3 Nxe4+ 37. fxe4 Rc8 38. Rxa7 Rc3+ 39. Kh2 Rxc2 40. Ra8+ Kh7 41. Rd8 Rd2 42. h4 g5 43. hxg5 Kg6 44. Rd5 Kh5 45. Rd7 g6 46. Rxf7 Re2 47. Kg3 Kxg5 48. Rd7 Re3+ 49. Kf2 Rxe4 50. Rd5+ Kg4 51. g3 g5 52. Kg2 Re2+ 53. Kf1 Rd2 54. Ke1 Rd3 55. Ke2 Re3+ 56. Kf2 Rf3+ 57. Ke1 d3 58. Kd2 Rxg3 59. Rd8 Rf3 60. Rd5 Kh4 61. Rd8 g4 62. Rh8+ Kg3 63. Rh7 Kg2 64. Ke1 Rh3 65. Rd7 Rf3 66. Ra7 g3 67. Rh7 Rf5 68. Rd7 Kh2 69. Rh7+ Kg1 70. Rd7 g2 71. Rxd3 Re5+ 72. Kd2 Kh2 73. Rd8 g1Q 74. Rh8+ Kg2 75. Rg8+ Kf1 0-1

[Event "Oberliga Nord W 1213"]
[Site "Germany"]
[Date "2013.04.14"]
[Round "9.3"]
[White "Barlag, Christoph"]
[Black "Hermann, Manfred"]
[Result "1/2-1/2"]
[WhiteElo "2167"]
[BlackElo "2322"]
[PlyCount "66"]
[EventDate "2012.10.14"]
[EventType "team-tourn"]
[EventRounds "9"]
[EventCountry "GER"]
[SourceTitle "EXT 2014"]
[Source "ChessBase"]
[SourceDate "2013.11.20"]
[SourceVersion "1"]
[SourceVersionDate "2013.11.20"]
[SourceQuality "1"]
[WhiteTeam "Braunschweig Gliesmarode"]
[BlackTeam "Oldenburg Union"]
[WhiteTeamCountry "GER"]
[BlackTeamCountry "GER"]

1. c4 c6 2. g3 d5 3. Nf3 Bg4 4. Bg2 e6 5. cxd5 exd5 6. d4 Nd7 7. Nc3 Ngf6 8. h3 Bxf3 9. Bxf3 Bd6 10. Qd3 0-0 11. Bg5 Re8 12. Kf1 h6 13. Bf4 Qe7 14. Bxd6 Qxd6 15. Kg2 Re7 16. b4 Qxb4 17. Rab1 Qa5 18. Rhc1 Nf8 19. Qf5 Qd8 20. a4 Ne8 21. e3 Nd6 22. Qc2 Nd7 23. h4 Nf6 24. Ne2 Nc4 25. Rb4 Qd6 26. Rxc4 dxc4 27. Qxc4 Ne4 28. Qc2 Rae8 29. Nf4 a5 30. Nd3 Nxg3 31. Ne5 Rxe5 32. dxe5 Qxe5 33. fxg3 Qxe3 1/2-1/2

[Event "Oberliga Nord W 1011"]
[Site "Germany"]
[Date "2010.11.14"]
[Round "3.3"]
[White "Clemens, Christian"]
[Black "Hermann, Manfred"]
[Result "1/2-1/2"]
[WhiteElo "2315"]
[BlackElo "2306"]
[PlyCount "45"]
[EventDate "2010.10.10"]
[EventType "team-tourn"]
[EventRounds "9"]
[EventCountry "GER"]
[SourceTitle "EXT 2012"]
[Source "ChessBase"]
[SourceDate "2011.11.24"]
[SourceVersion "1"]
[SourceVersionDate "2011.11.24"]
[SourceQuality "1"]
[WhiteTeam "Braunschweig Gliesmarode"]
[BlackTeam "Oldenburg Union"]
[WhiteTeamCountry "GER"]
[BlackTeamCountry "GER"]

1. g3 d5 2. Nf3 c6 3. Bg2 Nf6 4. b3 Bf5 5. Bb2 e6 6. d3 h6 7. 0-0 Be7 8. Nbd2 0-0 9. c4 Nbd7 10. a3 a5 11. Qc2 Bh7 12. Bc3 b5 13. cxb5 cxb5 14. Qb2 Re8 15. Rac1 Bf8 16. b4 axb4 17. axb4 Nb6 18. Bd4 Na4 19. Qb3 Nd7 20. Ne5 Nxe5 21. Bxe5 Qe7 22. Nf3 Qxb4 23. Qxb4 1/2-1/2

[Event "Oberliga Nord W 0910"]
[Site "Germany"]
[Date "2010.03.21"]
[Round "8.3"]
[White "Clemens, Christian"]
[Black "Hermann, Manfred"]
[Result "1/2-1/2"]
[WhiteElo "2290"]
[BlackElo "2305"]
[PlyCount "41"]
[EventDate "2009.10.18"]
[EventType "team-tourn"]
[EventRounds "9"]
[EventCountry "GER"]
[SourceTitle "EXT 2011"]
[Source "ChessBase"]
[SourceDate "2010.11.26"]
[SourceVersion "1"]
[SourceVersionDate "2010.11.26"]
[SourceQuality "1"]
[WhiteTeam "Braunschweig Gliesmarode"]
[BlackTeam "Oldenburg Union"]
[WhiteTeamCountry "GER"]
[BlackTeamCountry "GER"]

1. Nf3 d5 2. g3 c6 3. Bg2 Nf6 4. c4 dxc4 5. 0-0 g6 6. a4 Bg7 7. Na3 0-0 8. Nxc4 Be6 9. d3 Nbd7 10. a5 a6 11. Qc2 Bxc4 12. Qxc4 e5 13. Nd2 Re8 14. Nb3 Qc7 15. h3 Nf8 16. Be3 Ne6 17. Rfe1 Qd7 18. Nc5 Nxc5 19. Bxc5 Nd5 20. Rad1 Nc7 21. e3 1/2-1/2

[Event "Oberliga Nord W 0708"]
[Site "Germany"]
[Date "2008.01.20"]
[Round "5.2"]
[White "Hermann, Manfred"]
[Black "Juhnke, Juergen"]
[Result "1/2-1/2"]
[WhiteElo "2305"]
[BlackElo "2251"]
[PlyCount "38"]
[EventDate "2007.10.21"]
[EventType "team-tourn"]
[EventRounds "9"]
[EventCountry "GER"]
[SourceTitle "EXT 2009"]
[Source "ChessBase"]
[SourceDate "2008.11.26"]
[SourceVersion "1"]
[SourceVersionDate "2008.11.26"]
[SourceQuality "1"]
[WhiteTeam "Oldenburg Union"]
[BlackTeam "Hannover Post"]
[WhiteTeamCountry "GER"]
[BlackTeamCountry "GER"]

1. e4 c5 2. c3 e6 3. d4 d5 4. exd5 exd5 5. Nf3 Bd6 6. Bb5+ Nc6 7. dxc5 Bxc5 8. 0-0 Nge7 9. Nbd2 0-0 10. Nb3 Bd6 11. h3 h6 12. Re1 Nf5 13. Nbd4 Nfxd4 14. Nxd4 Bd7 15. Nf3 Qb6 16. a4 Bc5 17. Be3 Bxe3 18. Rxe3 a6 19. Bd3 Rad8 1/2-1/2

[Event "Oberliga Nord W 0607"]
[Site "Germany"]
[Date "2007.04.22"]
[Round "9.2"]
[White "Hermann, Manfred"]
[Black "Weyrich, Morten"]
[Result "1-0"]
[WhiteElo "2303"]
[BlackElo "2323"]
[PlyCount "91"]
[EventDate "2006.10.15"]
[EventType "team-tourn"]
[EventRounds "9"]
[EventCountry "GER"]
[SourceTitle "EXT 2008"]
[Source "ChessBase"]
[SourceDate "2007.11.25"]
[SourceVersion "1"]
[SourceVersionDate "2007.11.25"]
[SourceQuality "1"]
[WhiteTeam "Oldenburg Union"]
[BlackTeam "Hameln"]
[WhiteTeamCountry "GER"]
[BlackTeamCountry "GER"]

1. e4 e5 2. Nf3 Nc6 3. Bc4 Bc5 4. c3 Qe7 5. d4 Bb6 6. Bg5 Nf6 7. d5 Nb8 8. a4 a6 9. d6 cxd6 10. 0-0 h6 11. Bxf6 Qxf6 12. Bd5 Nc6 13. Nbd2 0-0 14. Nc4 Bc7 15. a5 Rb8 16. b4 Nd8 17. Nb6 Ne6 18. Nd2 Kh8 19. Ndc4 Qg6 20. g3 Ng5 21. Qe2 f5 22. exf5 Qxf5 23. f3 Qg6 24. Rad1 Qh5 25. Rd2 Ne6 26. Be4 Qg5 27. Nxd6 Bxd6 28. Rxd6 Qe7 29. Nc4 Ng5 30. Rfd1 b5 31. axb6 Bb7 32. Rxd7 Bxe4 33. Rxe7 Nxf3+ 34. Qxf3 Bxf3 35. Rdd7 Bc6 36. Rc7 Bb5 37. Rxg7 Rf6 38. Rh7+ Kg8 39. Rcg7+ Kf8 40. Rc7 Bxc4 41. Rxc4 Rfxb6 42. Rcc7 Kg8 43. Kf2 Re8 44. Ke3 Rd6 45. Rhg7+ Kh8 46. Rce7 1-0

[Event "Oberliga Nord W 0607"]
[Site "Germany"]
[Date "2007.04.01"]
[Round "8.2"]
[White "Brodhuhn, Reinhard"]
[Black "Hermann, Manfred"]
[Result "1/2-1/2"]
[WhiteElo "2233"]
[BlackElo "2303"]
[PlyCount "28"]
[EventDate "2006.10.15"]
[EventType "team-tourn"]
[EventRounds "9"]
[EventCountry "GER"]
[SourceTitle "EXT 2008"]
[Source "ChessBase"]
[SourceDate "2007.11.25"]
[SourceVersion "1"]
[SourceVersionDate "2007.11.25"]
[SourceQuality "1"]
[WhiteTeam "Hannover SF"]
[BlackTeam "Oldenburg Union"]
[WhiteTeamCountry "GER"]
[BlackTeamCountry "GER"]

1. c4 c6 2. Nc3 d5 3. d4 Nf6 4. cxd5 cxd5 5. Bf4 Nc6 6. e3 Bf5 7. Qb3 Na5 8. Qa4+ Bd7 9. Bb5 Nc6 10. Nf3 e6 11. 0-0 Be7 12. Rfc1 a6 13. Be2 0-0 14. Qd1 Rc8 1/2-1/2

[Event "Oberliga Nord W 0607"]
[Site "Germany"]
[Date "2007.02.25"]
[Round "6.2"]
[White "Abel, Dennes"]
[Black "Hermann, Manfred"]
[Result "1/2-1/2"]
[WhiteElo "2302"]
[BlackElo "2303"]
[PlyCount "45"]
[EventDate "2006.10.15"]
[EventType "team-tourn"]
[EventRounds "9"]
[EventCountry "GER"]
[SourceTitle "EXT 2008"]
[Source "ChessBase"]
[SourceDate "2007.11.25"]
[SourceVersion "1"]
[SourceVersionDate "2007.11.25"]
[SourceQuality "1"]
[WhiteTeam "Hannover Post"]
[BlackTeam "Oldenburg Union"]
[WhiteTeamCountry "GER"]
[BlackTeamCountry "GER"]

1. Nf3 d5 2. c4 c6 3. d4 Nf6 4. e3 e6 5. Nc3 Nbd7 6. Bd3 Bd6 7. 0-0 0-0 8. e4 dxc4 9. Bxc4 e5 10. Re1 Qe7 11. Bf1 Rd8 12. Bg5 h6 13. Bh4 Nf8 14. dxe5 Bxe5 15. Qe2 Bxc3 16. bxc3 Ng6 17. Bxf6 Qxf6 18. e5 Qe7 19. Qe3 c5 20. Bc4 b6 21. Qe4 Be6 22. a4 Rab8 23. g3 1/2-1/2

[Event "Oberliga Nord W 0607"]
[Site "Germany"]
[Date "2006.11.19"]
[Round "3.2"]
[White "Hermann, Manfred"]
[Black "Bangiev, Alexander J"]
[Result "1/2-1/2"]
[WhiteElo "2303"]
[BlackElo "2420"]
[PlyCount "76"]
[EventDate "2006.10.15"]
[EventType "team-tourn"]
[EventRounds "9"]
[EventCountry "GER"]
[SourceTitle "EXT 2008"]
[Source "ChessBase"]
[SourceDate "2007.11.25"]
[SourceVersion "1"]
[SourceVersionDate "2007.11.25"]
[SourceQuality "1"]
[WhiteTeam "Oldenburg Union"]
[BlackTeam "Hannover PSC"]
[WhiteTeamCountry "GER"]
[BlackTeamCountry "GER"]

1. e4 c5 2. c3 d5 3. exd5 Qxd5 4. d4 Nf6 5. Nf3 e6 6. Be2 Nc6 7. 0-0 cxd4 8. cxd4 Be7 9. Nc3 Qd6 10. Nb5 Qd8 11. Bf4 Nd5 12. Bg3 0-0 13. Bc4 a6 14. Nc3 Nxc3 15. bxc3 Qa5 16. Qc2 Bd7 17. Rfe1 Rac8 18. Bd3 g6 19. Qb3 b5 20. Rac1 Qa3 21. Bf4 Na5 22. Qxa3 Bxa3 23. Rc2 f6 24. h4 Nc4 25. Nd2 Nxd2 26. Bxd2 Kg7 27. c4 bxc4 28. Rxc4 Bb5 29. Rxc8 Rxc8 30. Bxb5 axb5 31. Rxe6 Rc2 32. Bf4 Rxa2 33. Rb6 Ra1+ 34. Kh2 Rd1 35. Rxb5 Rxd4 36. Rb7+ Kg8 37. g3 Bd6 38. Bxd6 Rxd6 1/2-1/2

[Event "Biel MTO op"]
[Site "Biel"]
[Date "2006.07.26"]
[Round "3"]
[White "Gaponenko, Inna"]
[Black "Hermann, Manfred"]
[Result "1-0"]
[WhiteElo "2458"]
[BlackElo "2303"]
[PlyCount "97"]
[EventDate "2006.07.24"]
[EventType "swiss"]
[EventRounds "11"]
[EventCountry "SUI"]
[SourceTitle "CBM 113 Extra"]
[Source "ChessBase"]
[SourceDate "2006.09.14"]
[SourceVersion "1"]
[SourceVersionDate "2006.09.14"]
[SourceQuality "1"]

1. e4 e5 2. Nf3 Nc6 3. Bb5 f5 4. d3 fxe4 5. dxe4 Nf6 6. 0-0 d6 7. Nc3 Be7 8. Qd3 Bg4 9. Qc4 Bxf3 10. Bxc6+ bxc6 11. Qxc6+ Qd7 12. Qxd7+ Kxd7 13. gxf3 Nh5 14. Rd1 Rhf8 15. Rd3 c6 16. Ne2 Rf7 17. Bd2 Ke6 18. c4 Raf8 19. Kg2 g6 20. Rd1 Rb8 21. b4 Bf8 22. a3 a6 23. Be3 Rbb7 24. Nc3 Nf4+ 25. Bxf4 Rxf4 26. Na4 Rff7 27. c5 dxc5 28. Nxc5+ Bxc5 29. bxc5 Rfc7 30. Rd8 Kf7 31. a4 Kg7 32. R1d3 Rb4 33. R8d7+ Rxd7 34. Rxd7+ Kh6 35. Rd6 Rxa4 36. Rxc6 Rc4 37. Rxa6 Rxc5 38. Kg3 Kh5 39. Rd6 g5 40. Rd5 Rc1 41. h3 Rg1+ 42. Kh2 Re1 43. Rxe5 Kh4 44. Re7 h5 45. Kg2 Re2 46. Ra7 Re1 47. Ra4 g4 48. hxg4 hxg4 49. Ra8 1-0

[Event "Pardubice op-A"]
[Site "Pardubice"]
[Date "2005.07.25"]
[Round "4"]
[White "Hermann, Manfred"]
[Black "Czarnota, Pawel"]
[Result "0-1"]
[WhiteElo "2317"]
[BlackElo "2461"]
[PlyCount "84"]
[EventDate "2005.07.22"]
[EventType "swiss"]
[EventRounds "9"]
[EventCountry "CZE"]
[SourceTitle "CBM 107 Extra"]
[Source "ChessBase"]
[SourceDate "2005.09.01"]
[SourceVersion "1"]
[SourceVersionDate "2005.09.01"]
[SourceQuality "1"]

1. e4 c5 2. c3 e5 3. Nf3 Nc6 4. d4 cxd4 5. cxd4 exd4 6. Nxd4 Nf6 7. Nc3 Bb4 8. Nxc6 dxc6 9. Qxd8+ Kxd8 10. f3 Be6 11. Be3 Nd7 12. Be2 a5 13. a3 Bc5 14. Kf2 Ke7 15. Rac1 Bxe3+ 16. Kxe3 b5 17. Nb1 Rhc8 18. Rc2 Rab8 19. Rhc1 c5 20. b4 Bb3 21. Rb2 a4 22. bxc5 Rxc5 23. Rxc5 Nxc5 24. Kd4 Ne6+ 25. Ke3 Kd6 26. Nc3 Kc5 27. Na2 b4 28. axb4+ Rxb4 29. Nc1 Rb6 30. Nd3+ Kc4 31. Rb1 Kc3 32. Rc1+ Bc2 33. Bd1 Nd4 34. Nc5 Kb2 35. Bxc2 Nxc2+ 36. Rxc2+ Kxc2 37. Nxa4 Rb5 38. f4 Kb3 39. e5 Kxa4 40. Ke4 Rb2 41. g4 Rxh2 42. f5 Kb5 0-1

[Event "Pardubice op-A"]
[Site "Pardubice"]
[Date "2005.07.23"]
[Round "2"]
[White "Hermann, Manfred"]
[Black "Haba, Petr"]
[Result "1/2-1/2"]
[WhiteElo "2317"]
[BlackElo "2526"]
[PlyCount "61"]
[EventDate "2005.07.22"]
[EventType "swiss"]
[EventRounds "9"]
[EventCountry "CZE"]
[SourceTitle "CBM 107 Extra"]
[Source "ChessBase"]
[SourceDate "2005.09.01"]
[SourceVersion "1"]
[SourceVersionDate "2005.09.01"]
[SourceQuality "1"]

1. c4 e6 2. b3 b6 3. Bb2 Bb7 4. Nf3 c5 5. d3 d6 6. g3 Bxf3 7. exf3 Nc6 8. Bg2 Nge7 9. f4 Rc8 10. 0-0 Nf5 11. Nc3 Be7 12. Ne2 Bf6 13. Bxc6+ Rxc6 14. Qd2 Bxb2 15. Qxb2 d5 16. Rad1 Rd6 17. Qa1 d4 18. Rb1 Qa8 19. Rb2 h5 20. h4 Qf3 21. Qd1 Rh6 22. Kh2 Nxh4 23. gxh4 Qg4 24. Ng3 Qxh4+ 25. Kg2 Qxf4 26. Qf3 Qg5 27. Kh3 Rf6 28. Qe2 Rg6 29. Qf3 Rf6 30. Qe2 Rg6 31. Qf3 1/2-1/2